La Spagna e l'Europa: discorso pronunciato a Roma, il 24 Ottobre 1978, nella sede del Banco di Roma, Sotto Gli auspici del centro italiano di studi per la conciliazione internazionale

Kaydedildi:
Detaylı Bibliyografya
Yazar: Calvo-Sotelo y Bustelo, Leopoldo (Yazar)
Materyal Türü: Kitap
Dil:İtalyanca
Baskı/Yayın Bilgisi: Roma Banco di Roma 1979
Konular:
Etiketler: Etiketle
Etiket eklenmemiş, İlk siz ekleyin!

MARC

LEADER 00000nam a2200000 a 4500
001 UCX1814
003 CL-VaPUC
008 901107e19790000IT |||||||||||||||||ita|d
082 0 4 |a 327  |b CAL  |2 21 
100 0 |a Calvo-Sotelo y Bustelo, Leopoldo  |e author  |9 317506 
245 1 3 |a La Spagna e l'Europa: discorso pronunciato a Roma, il 24 Ottobre 1978, nella sede del Banco di Roma, Sotto Gli auspici del centro italiano di studi per la conciliazione internazionale 
300 |a 26 p 
942 |c BK 
945 |d 19901107 00:00:00 
260 |a Roma  |b Banco di Roma  |c 1979 
650 0 |a Relaciones Internacionales  |9 255740 
651 0 |a España  |9 254926 
583 |a last modification  |c 19901107 00:00:00  |k Rodrigo Vera 
999 |c 222970  |d 222968 
952 |0 0  |1 0  |4 0  |6 327_000000000000000_CAL_1979  |7 0  |8 A  |9 218301  |a BIBHIS  |b BIBHIS  |d 2019-11-15  |i 2871424  |o 327 CAL 1979  |p 2871424  |r 2025-01-20  |w 2019-11-15  |y BK  |k HIS 
952 |0 0  |1 0  |4 0  |6 327_000000000000000_CAL_1979  |7 0  |8 A  |9 218302  |a BIBHIS  |b BIBHIS  |d 2019-11-15  |i 2871432  |o 327 CAL 1979  |p 2871432  |r 2025-01-20  |w 2019-11-15  |y BK  |k HIS